Country Independence Chains - Statistics

General Stats
  • This quiz has been taken 122 times
  • The average score is 21 of 29
Answer Stats
Year Country From % Correct
1776 United States Great Britain
96%
1946 Philippines United States
96%
1993 Eritrea Ethiopia
91%
1822 Brazil Portugal
90%
1905 Norway Sweden
89%
1804 Haiti France
88%
1844 Dominican Republic Haiti
88%
2002 East Timor Indonesia
87%
1941 Ethiopia Italy
87%
2008 Kosovo Serbia
87%
1901 Australia United Kingdom
87%
1975 Papua New Guinea Australia
86%
1971 Bangladesh Pakistan
83%
2006 Serbia Serbia and Montenegro
83%
1945 Indonesia Netherlands
82%
1947 Pakistan United Kingdom
82%
1523 Sweden Denmark
80%
1903 Panama Colombia
76%
1810 Colombia Spain
75%
1948 South Korea Korea
74%
1945 Korea Japan
73%
1918 Yugoslavia Austria-Hungary
69%
1581 Netherlands Spain
62%
1821 Mexico Spain
56%
1823 Central America Mexico
51%
1804 Austria Holy Roman Empire
41%
1839 Guatemala Central America
34%
1139 Portugal Kingdom of León
19%
718/722 Kingdom of Asturias Umayyad Caliphate
9%
No matching quizzes found
Score Distribution
Percent of People with Each Score
Percentile by Number Answered
Your Score History
You have not taken this quiz